Country names shorter in German than English - Statistics

General Stats
  • This quiz has been taken 20 times
  • The average score is 8 of 16
Answer Stats
Country % Correct
-1 Polen
88%
-4 Schweiz
88%
-1 Irland
81%
-1 Island
81%
-2 Südkorea
63%
-1 Ungarn
63%
-2 Litauen
50%
-1 Nordkorea
50%
-2 Südafrika
50%
-1 Luxemburg
38%
-2 Mosambik
31%
-1 Singapur
25%
-1 Kamerun
19%
-1 Marshallinseln
19%
-1 Kap Verde
6%
-1 Osttimor
6%
No matching quizzes found
Score Distribution
Percent of People with Each Score
Percentile by Number Answered
Your Score History
You have not taken this quiz